Pudumaipittan The Complate Short Stories (Record no. 64011)
[ view plain ]
| 000 -LEADER | |
|---|---|
| fixed length control field | 00286nam a22001097a 4500 |
| 082 ## - DEWEY DECIMAL CLASSIFICATION NUMBER | |
| Classification number | 823/ASH |
| 100 ## - MAIN ENTRY--AUTHOR NAME | |
| Personal name | Asher, R E & Subrramaniam, V. |
| 245 ## - TITLE STATEMENT | |
| Title | Pudumaipittan The Complate Short Stories |
| 260 ## - PUBLICATION, DISTRIBUTION, ETC. (IMPRINT) | |
| Place of publication | Delhi |
| Name of publisher | Sahitya Akademi |
| Year of publication | 2014 |
| 650 ## - SUBJECT ADDED ENTRY--TOPICAL TERM | |
| Topical Term | Stories |
| 942 ## - ADDED ENTRY ELEMENTS (KOHA) | |
| Koha item type | Books |
| Withdrawn status | Lost status | Damaged status | Not for loan | Home library | Current library | Date acquired | Cost, normal purchase price | Full call number | Accession Number | Price effective from | Koha item type |
|---|---|---|---|---|---|---|---|---|---|---|---|
| MACL | MACL | 10/12/2020 | 400.00 | 823/ASH | CRE036599 | 10/12/2020 | Books |









